| 000 | 01995nas a2200445 i 4500 | ||
|---|---|---|---|
| 001 | 1302 | ||
| 003 | ES-MaACL | ||
| 005 | 20250816063123.0 | ||
| 007 | t| | ||
| 008 | 950801c1665 fr | | 1 ||re d | ||
| 022 | _a0021-8103 | ||
| 040 | _cES-MaACL | ||
| 080 | _a008 | ||
| 245 | 0 | 3 | _aLe Journal des Sçavans |
| 250 | _aNouvelle edition. | ||
| 260 |
_aParis : _bPierre Witte, _c1665- |
||
| 300 |
_av. ; _c27 cm. |
||
| 310 | _aTrimestral | ||
| 321 |
_aSemanal, _b1665-1723 |
||
| 321 |
_aMensual, _b1724-1917 |
||
| 321 |
_aBimestral, _b1918-1926 |
||
| 321 |
_aMensual, _b1927-1932 |
||
| 321 |
_aBimestral, _b1933-1942 |
||
| 500 | _aNo se publicó entre 1792 y 1815 | ||
| 530 | _aDisponible en formato digital | ||
| 555 | _aEntre 1753 y 1756 se publican los índices para los años 1665-1750, con el título Table générale des matières contenues das le Journal des savans de l'édition de Paris; en 1860, los índices de 1816 a 1858, con el título Table mèthodique et analytique des articles du Journal des savants; y en 1909, los índices de 1859 a 1908, con el título Table analytique des articles du Journal des savants. | ||
| 650 | 7 |
_aLiteratura _2embne _9141583 |
|
| 650 | 7 |
_aCultura _2embne _9170963 |
|
| 655 | 7 |
_9226866 _aRevistas |
|
| 700 | 1 |
_aCagnant, M. René, _9194159 |
|
| 700 | 1 |
_aMelin, Alfred, _9194160 |
|
| 852 |
_aES-MaACL _jHEM-H-111(1903-1988) _dOlim: H-1615 _cHEM |
||
| 852 |
_aES-MaACL _jR-Arm.10 (1665-1903) |
||
| 856 |
_31665-1938 _uhttps://gallica.bnf.fr/ark:/12148/cb343488023/date.r=journal+des+savants.langES _yVersión en línea _z(Gallica, BNF) |
||
| 856 |
_31909-2018 _uhttps://www.persee.fr/collection/jds _yVersión en línea _z(Persée) |
||
| 856 |
_uhttps://aibl.fr/categories-publications/journal-des-savants/ _yPágina web de la revista _z(Journal des savants) |
||
| 866 | _o1665-1741,1862-1911(1912)1913-24,1927-36,1943,1945-46,1950-51(1952)1953-61,1966,1975-88. | ||
| 942 |
_2udc _cPERIODICA _n0 |
||
| 955 | _bOscar Chaves | ||
| 999 |
_c1302 _d1302 |
||